000 00338nam a2200145Ia 4500
100 _aJordon/ Larry/ Churchill/ B
250 _a5
942 _cBK
654 _acommunication systems
245 _aCommunication and Networking
260 _bPrentice Hall of India
_aNew Delhi
_c1995
300 _a752
546 _aENGLISH
999 _c31824
_d31824